000 00926cam a2200313 i 4500
001 768714001
003 CO-MdFUSB
005 20230602104450.0
007 ta
008 160602t1996 sp f |||| 00| | spa d
020 _a9788415189381
040 _aCO-MdFUSB
_bEspañol
_cCO-MdFUSB
_dCO-MdFUSB
_erda
041 0 _aspa
082 0 4 _223
_aR 253.52
_bT728c
100 1 _aTournier, Paul (1898-)
_eautor
240 _aLes forts et les faibles
245 0 0 _aLos fuertes y los débiles
_c / Paul Tournier
264 1 _aBarcelona, España
_b : CLIE-Andamio,
_c[1996]
264 4 _c© 1996
300 _a223 páginas
_c; 20 cm
336 _2rdacontent
_atexto
_btxt
337 _2rdamedia
_asin mediación
_bn
338 _2rdacarrier
_avolumen
_bnc
505 _a1. La condición humana 2. Reacciones 3. Psicología y fe
563 _aTapa dura
650 0 _9228
_aConsejería pastoral
942 _cREF
945 _aMag1104
999 _c31751
_d31751